| 000 | 00687nam a22002057a 4500 | ||
|---|---|---|---|
| 005 | 20180830143831.0 | ||
| 010 | _aENG-123931 | ||
| 020 |
_a9789352807512 _c450.00 |
||
| 035 | _aEN-107463 | ||
| 037 | _bDBAD/PUB | ||
| 082 | 0 | 0 | _a650.13 |
| 100 | _aAbidi, Suhayl | ||
| 245 | 1 | 0 |
_aThe vuca learner: _cby Suhayl Abidi [and] Manoj Joshi _bfuture-proof your relevance / |
| 260 |
_aNew Delhi _bSAGE Publications, _c2018 |
||
| 270 |
_aB1/I-1 Mohan Cooperative Industrial Area, Mathura Road _bNew Delhi _e110044 |
||
| 300 |
_axvii,247p. _c22cm.(pbk) |
||
| 500 | _aIt includes annexure: Personal SWOT Analysis | ||
| 700 | _aJoshi, Manoj | ||
| 942 |
_2ddc _cEN _h650.13 _mABI |
||
| 999 |
_c156688 _d156688 |
||